[Event "ch-RUS Blitz w 2016"]
[Site "Sochi RUS"]
[Date "2016.10.04"]
[Round "10.14"]
[White "Vyrtosu, Natalia"]
[Black "Abramova, Yulia"]
[Result "1-0"]
[WhiteElo "1668"]
[BlackElo "1969"]
[WhiteFideId "34187518"]
[BlackFideId "24104655"]
[EventDate "2016.10.04"]

1. Nf3 Nf6 2. g3 d5 3. Bg2 e6 4. d3 Be7 5. Nbd2 c5 6. O-O Nc6 7. e4 d4 8. Ne1 e5
9. f4 exf4 10. gxf4 Bg4 11. Nef3 Qd7 12. Nc4 b5 13. Ncd2 O-O 14. a4 a6 15. axb5
axb5 16. Rxa8 Rxa8 17. b3 Ra1 18. Qe2 Ra2 19. Qd1 Nb4 20. h3 Bh5 21. Ne5 Bxd1
22. Nxd7 Nxd7 23. Rxd1 Nxc2 24. Nf3 Ra1 25. Ne1 Ne3 26. Bxe3 Rxd1 27. Bf2 c4 28.
bxc4 bxc4 29. dxc4 d3 30. Kh2 Rd2 31. Kg3 Bh4+ 32. Kxh4 Rxf2 33. Kg3 d2 34. Kxf2
d1=Q 35. Nf3 Nc5 36. e5 Ne4+ 37. Ke3 Nc3 38. c5 Qc1+ 39. Kf2 Ne4+ 40. Ke2 Qxc5
41. Nd2 Qf2+ 42. Kd3 Qxd2+ 43. Kxe4 Qxg2+ 1-0

[Event "ch-RUS Blitz w 2016"]
[Site "Sochi RUS"]
[Date "2016.10.04"]
[Round "10.15"]
[White "Pavlova, Natalia"]
[Black "Shaydullina, Sandugach"]
[Result "1-0"]
[BlackTitle "WGM"]
[WhiteElo "1990"]
[BlackElo "2142"]
[WhiteFideId "24135615"]
[BlackFideId "4140389"]
[EventDate "2016.10.04"]

1. Nf3 d5 2. g3 c6 3. Bg2 Bf5 4. d3 Nf6 5. O-O h6 6. c4 e6 7. Nc3 Be7 8. Rb1
dxc4 9. e4 Bh7 10. Ne5 cxd3 11. Nxd3 O-O 12. Be3 Nbd7 13. Qb3 Qc7 14. Rbd1 Ng4
15. Bc1 Nc5 16. Nxc5 Bxc5 17. h3 Nf6 18. Kh2 a5 19. f4 Rfd8 20. Qc4 Qe7 21. a3
Nd7 22. Qe2 Nb6 23. Qh5 Bg6 24. Qe2 Bh7 25. Qh5 Nc4 26. f5 Bd4 27. Qg4 Ne5 28.
Qe2 f6 29. Be3 Bxe3 30. Qxe3 Nc4 31. Qe2 b5 32. a4 Rab8 33. axb5 cxb5 34. Nxb5
Rxb5 35. Qxc4 Rb6 36. fxe6 Re8 37. e5 Rb4 38. Qc6 Bg6 39. exf6 gxf6 40. Rd7 Qf8 1-0

[Event "ch-RUS Blitz w 2016"]
[Site "Sochi RUS"]
[Date "2016.10.04"]
[Round "11.1"]
[White "Charochkina, Daria"]
[Black "Tomilova, Elena"]
[Result "1/2-1/2"]
[WhiteTitle "IM"]
[BlackTitle "WIM"]
[WhiteElo "2366"]
[BlackElo "2309"]
[WhiteFideId "4180917"]
[BlackFideId "4162340"]
[EventDate "2016.10.04"]

1. d4 Nf6 2. c4 b6 3. Nc3 Bb7 4. Bg5 h6 5. Bxf6 exf6 6. e3 Bb4 7. Nf3 O-O 8. Rc1
f5 9. Bd3 Be4 10. O-O Bxc3 11. Rxc3 Re8 12. d5 Na6 13. Nd4 Nc5 14. Be2 f4 15.
exf4 Qf6 16. f5 c6 17. Bf3 Rad8 18. b4 Na6 19. a3 Nc7 20. Re3 cxd5 21. c5 bxc5
22. bxc5 Bxf5 23. Rfe1 Ne6 24. Nxf5 Qxf5 25. Bxd5 Rc8 26. Re5 Qf6 27. Ba2 Red8
28. h3 Rxc5 29. Rxc5 Nxc5 30. Qc2 Ne6 31. Bb1 g6 32. Qa4 Nf4 33. Qe4 d5 34. Qf3
Qg5 35. h4 Qf6 36. Kf1 d4 37. g3 Nd5 38. Qe4 Nc3 39. Qd3 Nxb1 40. Rxb1 Qd6 41.
Re1 Qd5 42. Kg1 Qc5 43. Re4 Qc3 44. Qxc3 dxc3 45. Rc4 Rd1+ 46. Kg2 Rc1 47. Rc8+
Kg7 48. Rc7 a5 49. a4 c2 50. Kh2 Kf6 51. f4 h5 52. Rc5 Ke7 53. Kg2 Kd6 54. Rc8
Kd7 55. Rc5 Kd6 56. Rc8 Ra1 57. Rxc2 Rxa4 58. Rc8 Ke6 59. Rc6+ Kf5 60. Rc5+ Ke6
61. Rc6+ Ke7 62. Rc7+ Kf6 63. Rc6+ Kg7 64. Rc7 Ra2+ 65. Kf3 a4 66. Ra7 Ra1 67.
Ke4 a3 68. Kf3 Kf6 69. Ra5 a2 70. Ra6+ Ke7 71. Kg2 Kd7 72. Ra7+ Kc6 73. Ra8 f5
74. Ra7 Kb5 75. Rb7+ Kc5 76. Ra7 Kb6 77. Ra8 Kc5 78. Rc8+ Kd4 79. Rd8+ Kc4 80.
Rc8+ Kd4 81. Rd8+ 1/2-1/2

[Event "ch-RUS Blitz w 2016"]
[Site "Sochi RUS"]
[Date "2016.10.04"]
[Round "11.3"]
[White "Pustovoitova, Daria"]
[Black "Girya, Olga"]
[Result "0-1"]
[WhiteTitle "FM"]
[BlackTitle "WGM"]
[WhiteElo "2386"]
[BlackElo "2446"]
[WhiteFideId "4182146"]
[BlackFideId "4195752"]
[EventDate "2016.10.04"]

1. d4 d5 2. c4 c6 3. Nc3 e6 4. e3 Bd6 5. Nf3 f5 6. Bd3 Nf6 7. O-O O-O 8. b3 b6
9. a4 a5 10. Ne5 Bb7 11. Ba3 Bxa3 12. Rxa3 Nbd7 13. cxd5 Nxd5 14. Nxd5 Nxe5 15.
Nc3 Nxd3 16. Qxd3 Ba6 17. Qc2 Bxf1 18. Kxf1 Qd6 19. Ra2 Qxh2 20. g3 Rad8 21. Ne2
Qh1+ 22. Ng1 Rf6 23. Qe2 Qd5 24. Rc2 Qxb3 25. Rxc6 Qxa4 26. Rxb6 Qd7 27. Nf3 a4
28. Qa6 Qd5 29. Ne5 Rff8 30. Qa7 Ra8 31. Qe7 Rae8 32. Qa7 Qh1+ 33. Ke2 Qh5+ 34.
Kf1 Rc8 35. Rb1 Qh1+ 36. Ke2 Qxb1 0-1

[Event "ch-RUS Blitz w 2016"]
[Site "Sochi RUS"]
[Date "2016.10.04"]
[Round "11.4"]
[White "Bodnaruk, Anastasia"]
[Black "Goryachkina, Aleksandra"]
[Result "1-0"]
[WhiteTitle "IM"]
[BlackTitle "WGM"]
[WhiteElo "2463"]
[BlackElo "2460"]
[WhiteFideId "4181751"]
[BlackFideId "4147103"]
[EventDate "2016.10.04"]

1. e4 Nf6 2. e5 Nd5 3. d4 d6 4. Nf3 dxe5 5. Nxe5 c6 6. c4 Nf6 7. Nc3 g6 8. Be2
Bg7 9. O-O O-O 10. Be3 Nbd7 11. f4 Nxe5 12. fxe5 Ne8 13. Ne4 f5 14. Nc5 Nc7 15.
h4 Ne6 16. Nb3 Qc7 17. Bf3 Kh8 18. Qe2 a5 19. d5 cxd5 20. cxd5 Qxe5 21. dxe6
Bxe6 22. Bd4 Qxe2 23. Bxg7+ Kxg7 24. Bxe2 b6 25. Nd4 Bg8 26. a4 e5 27. Nc6 Rac8
28. Bb5 e4 29. Rad1 Rc7 30. Rd6 Rf6 31. Rfd1 f4 32. Kf2 Bb3 33. Rxf6 Kxf6 34.
Rd6+ Kg7 35. Rd4 e3+ 36. Ke2 Rf7 37. Ne5 Rf5 38. Nd3 g5 39. hxg5 Kg6 40. Nxf4+
Kxg5 41. Kxe3 Re5+ 42. Re4 Rc5 43. Ne6+ Bxe6 44. Rxe6 Rc2 45. Rxb6 Rxb2 46. Ra6
Rxg2 47. Rxa5 Rg3+ 48. Kf2 Ra3 49. Ra8 h5 50. a5 h4 51. a6 Ra2+ 52. Be2 h3 53.
Rh8 Ra3 54. Rh7 Kf4 55. Rh4+ Kg5 56. Rh8 Kf4 57. Rf8+ Kg5 58. Rh8 Kf4 59. Rh7
Kg5 60. a7 h2 61. Kg2 Ra2 62. Re7 1-0

[Event "ch-RUS Blitz w 2016"]
[Site "Sochi RUS"]
[Date "2016.10.04"]
[Round "11.5"]
[White "Nechaeva, Marina"]
[Black "Nebolsina, Vera"]
[Result "1-0"]
[WhiteTitle "IM"]
[BlackTitle "WGM"]
[WhiteElo "2428"]
[BlackElo "2219"]
[WhiteFideId "4149351"]
[BlackFideId "4163591"]
[EventDate "2016.10.04"]

1. d4 f5 2. c4 Nf6 3. Nc3 d6 4. Bg5 Nbd7 5. Qc2 g6 6. h4 h6 7. Bd2 e5 8. dxe5
Nxe5 9. e3 Be6 10. Nf3 Nxf3+ 11. gxf3 Qd7 12. Bd3 O-O-O 13. O-O-O Qc6 14. Nb5
Qb6 15. Bc3 Bg7 16. Rhg1 Bf7 17. Bxf5+ gxf5 18. Rxg7 Bxc4 19. Bxf6 Qxb5 20. Bxd8
Rxd8 21. b3 Qe5 22. Rdg1 1-0

[Event "ch-RUS Blitz w 2016"]
[Site "Sochi RUS"]
[Date "2016.10.04"]
[Round "11.6"]
[White "Severina, Maria"]
[Black "Gritsayeva, Oksana"]
[Result "1-0"]
[WhiteTitle "WIM"]
[BlackTitle "WFM"]
[WhiteElo "2232"]
[BlackElo "2321"]
[WhiteFideId "4116909"]
[BlackFideId "14104652"]
[EventDate "2016.10.04"]

1. Nf3 c5 2. g3 b6 3. Bg2 Bb7 4. O-O Nf6 5. c4 e6 6. Nc3 Be7 7. d4 cxd4 8. Qxd4
O-O 9. Rd1 a6 10. Bf4 Nc6 11. Qd3 Rc8 12. Bd6 Nb4 13. Qd2 Re8 14. Rac1 Ba8 15.
b3 Nc6 16. h3 Bf8 17. e4 e5 18. Qe3 Re6 19. Bxf8 Kxf8 20. Nd5 Rb8 21. Ng5 Nd4
22. Nxf6 Rxf6 23. Nxh7+ Kg8 24. Nxf6+ Qxf6 25. Rd2 Bc6 26. Rcd1 b5 27. cxb5 axb5
28. Rxd4 exd4 29. Qxd4 Qe6 30. Qd6 Qe8 31. Kh2 Ra8 32. Rd2 g6 33. e5 Bxg2 34.
Kxg2 Qe6 35. Qxe6 dxe6 36. Kf3 b4 37. Ke4 Ra5 38. Rc2 Kg7 39. f4 Kh6 40. Kd4 Ra7
41. Re2 g5 42. Kc4 gxf4 43. gxf4 Rb7 44. Kc5 Kg6 45. Re4 Kf5 46. Rxb4 Rc7+ 47.
Kd6 Rc2 48. a4 Rd2+ 49. Ke7 Rf2 50. a5 Ra2 51. Ra4 Rb2 52. a6 1-0

[Event "ch-RUS Blitz w 2016"]
[Site "Sochi RUS"]
[Date "2016.10.04"]
[Round "11.7"]
[White "Gubernatorova, Lyudmila"]
[Black "Drozdova, Dina"]
[Result "0-1"]
[BlackTitle "WIM"]
[WhiteElo "2200"]
[BlackElo "2242"]
[WhiteFideId "4123840"]
[BlackFideId "4170695"]
[EventDate "2016.10.04"]

1. d4 g6 2. e4 Bg7 3. c4 d6 4. Nc3 Nf6 5. Be2 O-O 6. Bg5 h6 7. Be3 Nbd7 8. Qd2
Kh7 9. h4 c5 10. d5 Ne5 11. f3 a6 12. g4 b5 13. h5 g5 14. cxb5 axb5 15. Bxb5 Ba6
16. Kf1 Bxb5+ 17. Nxb5 Nc4 18. Qe2 Nxe3+ 19. Qxe3 Qa5 20. a4 Rfb8 21. Ne2 Rxb5
22. axb5 Qxa1+ 23. Kg2 Qxb2 24. Kh3 Ra3 25. Qc1 Rxf3+ 26. Kg2 Qxe2+ 0-1

[Event "ch-RUS Blitz w 2016"]
[Site "Sochi RUS"]
[Date "2016.10.04"]
[Round "11.8"]
[White "Baraeva, Marina"]
[Black "Gvanceladze, Anna"]
[Result "1-0"]
[WhiteTitle "WIM"]
[BlackTitle "WFM"]
[WhiteElo "2173"]
[BlackElo "2223"]
[WhiteFideId "24142573"]
[BlackFideId "4113721"]
[EventDate "2016.10.04"]

1. d4 Nf6 2. c4 e6 3. Nc3 Bb4 4. Qc2 Nc6 5. Nf3 d6 6. Bg5 e5 7. dxe5 dxe5 8. Rd1
Qe7 9. e3 O-O 10. Be2 Bg4 11. O-O Bxc3 12. Qxc3 a5 13. h3 Bh5 14. Bxf6 Qxf6 15.
Rd5 Rfe8 16. Rfd1 Bg6 17. Rd7 Rac8 18. c5 Bf5 19. R7d2 Qe7 20. Bb5 Qf6 21. Bxc6
bxc6 22. Qxa5 Bxh3 23. Qc3 Bg4 24. e4 h5 25. Qe3 Ra8 26. a3 Re6 27. Rd7 Re7 28.
Rd8+ Rxd8 29. Rxd8+ Kh7 30. Ng5+ Kg6 31. Nf3 Re6 32. Rd3 Qe7 33. Nd2 Rf6 34. Nc4
Bc8 35. Qd2 Kh7 36. Qe2 g6 37. Qe3 Rf4 38. g3 Rf6 39. Qg5 Ba6 40. Rc3 Bxc4 41.
Rxc4 Qe6 42. Rc3 Qe7 43. Rf3 Re6 44. Qxe7 Rxe7 1-0

[Event "ch-RUS Blitz w 2016"]
[Site "Sochi RUS"]
[Date "2016.10.04"]
[Round "11.9"]
[White "Markelova, Lubov"]
[Black "Makarenko, Alexandra"]
[Result "0-1"]
[WhiteTitle "WFM"]
[BlackTitle "WFM"]
[WhiteElo "2133"]
[BlackElo "2243"]
[WhiteFideId "24131369"]
[BlackFideId "4165055"]
[EventDate "2016.10.04"]

1. Nf3 c5 2. c4 g6 3. g3 Bg7 4. Bg2 Nc6 5. O-O Nh6 6. Nc3 Nf5 7. d3 d6 8. Bd2
O-O 9. a3 Rb8 10. Rb1 b6 11. b4 Bb7 12. Qc1 h5 13. b5 Ncd4 14. Nxd4 Nxd4 15.
Bxb7 Rxb7 16. Kg2 Qa8 17. f3 e6 18. e3 Nf5 19. a4 Rd7 20. a5 d5 21. axb6 axb6
22. Ra1 Qb7 23. Rf2 dxc4 24. dxc4 Rfd8 25. Ra6 Rd3 26. Nd1 Qd7 27. Be1 Rxd1 0-1

[Event "ch-RUS Blitz w 2016"]
[Site "Sochi RUS"]
[Date "2016.10.04"]
[Round "11.10"]
[White "Vasilevich, Irina"]
[Black "Komiagina, Maria"]
[Result "1-0"]
[WhiteTitle "IM"]
[BlackTitle "WIM"]
[WhiteElo "2285"]
[BlackElo "2247"]
[WhiteFideId "4141296"]
[BlackFideId "4153987"]
[EventDate "2016.10.04"]

1. c4 e5 2. Nc3 Nc6 3. g3 g6 4. Bg2 Bg7 5. Rb1 Nge7 6. b4 O-O 7. e3 d6 8. b5 Nb8
9. Nge2 f5 10. O-O Be6 11. Bxb7 Nd7 12. d3 Rb8 13. Bg2 g5 14. f4 gxf4 15. exf4
Ng6 16. Nd5 Nc5 17. Bb2 h5 18. Nb4 Ne7 19. Nc3 Qe8 20. Ncd5 Nxd5 21. Nxd5 Qf7
22. fxe5 dxe5 23. d4 Nd7 24. Ba3 exd4 25. Bxf8 Nxf8 26. Qd3 Ng6 27. Rbe1 Rf8 28.
Kh1 h4 29. g4 f4 30. h3 Ne5 31. Qe4 Nxc4 32. Qxe6 Ne3 33. Qxf7+ Rxf7 34. Nxe3
dxe3 35. Bd5 1-0

[Event "ch-RUS Blitz w 2016"]
[Site "Sochi RUS"]
[Date "2016.10.04"]
[Round "11.11"]
[White "Belenkaya, Dina"]
[Black "Belova, Olga"]
[Result "0-1"]
[WhiteTitle "WFM"]
[BlackTitle "WFM"]
[WhiteElo "2313"]
[BlackElo "2035"]
[WhiteFideId "24142654"]
[BlackFideId "4138422"]
[EventDate "2016.10.04"]

1. e4 e5 2. Nf3 Nc6 3. Nc3 Nf6 4. d4 Bb4 5. Nxe5 O-O 6. Nxc6 bxc6 7. e5 Ne4 8.
Qd3 d5 9. Be2 Bf5 10. Qf3 Qd7 11. O-O h6 12. Nxe4 Bxe4 13. Qg3 Kh8 14. Bg4 Qe7
15. c3 Ba5 16. b4 Bb6 17. Bd2 f5 18. exf6 Qxf6 19. Be2 Qd6 20. f3 Bh7 21. Rfe1
a5 22. a3 Rfe8 23. Bf1 Qf6 24. Bf4 axb4 25. axb4 Rxa1 26. Rxe8+ Bg8 27. Be5 Qf7
28. Rd8 Qe7 29. Rb8 Kh7 30. Kf2 g6 31. Bd3 Qf7 32. Rf8 Ra2+ 33. Ke1 Qe6 34. Rf6 0-1

[Event "ch-RUS Blitz w 2016"]
[Site "Sochi RUS"]
[Date "2016.10.04"]
[Round "11.12"]
[White "Ambartsumova, Karina"]
[Black "Semenova, Elena1"]
[Result "1/2-1/2"]
[WhiteTitle "WGM"]
[BlackTitle "WIM"]
[WhiteElo "2280"]
[BlackElo "2256"]
[WhiteFideId "4166299"]
[BlackFideId "24125148"]
[EventDate "2016.10.04"]

1. e4 e5 2. Nf3 Nc6 3. Bc4 Nf6 4. d3 h6 5. O-O d6 6. c3 g6 7. Nbd2 Bg7 8. Re1
O-O 9. Bb3 Na5 10. Bc2 c5 11. Nf1 Nc6 12. h3 Nh5 13. Bb3 Be6 14. Be3 Qe7 15. Ng3
Nf4 16. Kh2 Rad8 17. Bxf4 exf4 18. Ne2 Bxb3 19. Qxb3 Ne5 20. Nxe5 dxe5 21. Rad1
b6 22. Ng1 g5 23. Qc2 Qe6 24. a3 h5 25. Qe2 Qg6 26. f3 Bf6 27. b4 Kg7 28. bxc5
bxc5 29. Qf2 g4 30. Qxc5 Rc8 31. Qa5 Bh4 32. Re2 Bg3+ 33. Kh1 Qe6 34. d4 Rfd8
35. Red2 Rd7 36. d5 Qd6 37. Rc2 Rdc7 38. Rd3 Rc5 39. Qb4 Rb8 40. Qa4 Rbc8 41.
Rc1 R8c7 42. c4 Rb7 43. Rd2 Rb6 44. Rdc2 Ra6 45. Qb4 Rb6 46. Qd2 Ra6 47. Qd3 Rb6
48. Ne2 a5 49. fxg4 hxg4 50. Nxg3 fxg3 51. Qxg3 Qe7 52. Qxg4+ Rg6 53. Qf3 Qd7
54. Rf2 a4 55. Rcf1 Qe7 56. Qxf7+ 1/2-1/2

[Event "ch-RUS Blitz w 2016"]
[Site "Sochi RUS"]
[Date "2016.10.04"]
[Round "11.13"]
[White "Berdychevskaya, Natasha"]
[Black "Abramova, Yulia"]
[Result "1-0"]
[WhiteTitle "WFM"]
[WhiteElo "2208"]
[BlackElo "1969"]
[WhiteFideId "4159322"]
[BlackFideId "24104655"]
[EventDate "2016.10.04"]

1. e4 c5 2. Nf3 Nc6 3. d4 cxd4 4. Nxd4 Nf6 5. Nc3 e6 6. Be2 Bb4 7. f3 d5 8. exd5
Nxd5 9. Nxc6 bxc6 10. Bd2 Qb6 11. Nxd5 Bxd2+ 12. Qxd2 cxd5 13. O-O-O O-O 14. Qd4
Qa5 15. Kb1 Rb8 16. Bd3 Bd7 17. Rhe1 Rb4 18. Qe5 Rfb8 19. b3 f6 20. Qb2 e5 21.
Bf1 Bf5 22. Bd3 Be6 23. a3 R4b7 24. f4 e4 25. Be2 Qc7 26. Rd4 Qxf4 27. h3 Qf2
28. Rdd1 a5 29. Bf1 a4 30. b4 Qf4 31. Qd4 Qc7 32. Ba6 Rb6 33. Bf1 Qe7 34. c3 f5
35. Rd2 Rc6 36. Re3 f4 37. Re1 Rbc8 38. Rc1 e3 39. Rdd1 Bf5+ 40. Kb2 Be4 41. g3
g5 42. gxf4 gxf4 43. Bb5 Rg6 44. Rg1 Rb8 45. Be2 Rb6 46. Rxg6+ Rxg6 47. Bd3 Rg2+
48. Kb1 e2 49. Re1 Bxd3+ 50. Qxd3 Qe4 51. Kc2 f3 52. Kd2 Qxd3+ 53. Kxd3 f2 54.
Rxe2 f1=Q 1-0

[Event "ch-RUS Blitz w 2016"]
[Site "Sochi RUS"]
[Date "2016.10.04"]
[Round "11.14"]
[White "Pavlova, Natalia"]
[Black "Diakonova, Ekaterina"]
[Result "1-0"]
[WhiteElo "1990"]
[BlackElo "2321"]
[WhiteFideId "24135615"]
[BlackFideId "24172936"]
[EventDate "2016.10.04"]

1. Nf3 Nf6 2. g3 g6 3. Bg2 Bg7 4. O-O O-O 5. c4 d6 6. Nc3 e5 7. d3 Nc6 8. Rb1 a5
9. a3 Nd7 10. b4 axb4 11. axb4 f5 12. Qb3 Kh8 13. Nd5 h6 14. Qc2 Nf6 15. Nxf6
Qxf6 16. b5 Ne7 17. b6 c6 18. Bd2 Be6 19. Bb4 Bg8 20. Nd2 Rfc8 21. Ra1 d5 22. c5
e4 23. Nb3 d4 24. Rxa8 Rxa8 25. dxe4 fxe4 26. Bxe4 Nd5 27. Bd2 Nc3 28. Bxc3 dxc3
29. Rb1 g5 30. Bf3 Ra3 31. Nc1 Qd8 32. Nd3 Ra2 33. Qc1 Qd4 34. Rb4 Qd8 35. Rb1
Qa8 36. Qe3 c2 37. Rc1 Bb3 38. Qd2 Ra1 39. Kg2 Qa3 40. Rxa1 Qxa1 41. Nc1 Ba4 42.
Be4 Qd4 43. Qxd4 Bxd4 44. e3 Bb2 45. Ne2 c1=Q 1-0

[Event "ch-RUS Blitz w 2016"]
[Site "Sochi RUS"]
[Date "2016.10.04"]
[Round "11.15"]
[White "Vyrtosu, Natalia"]
[Black "Potapova, Margarita"]
[Result "1/2-1/2"]
[BlackTitle "WFM"]
[WhiteElo "1668"]
[BlackElo "2060"]
[WhiteFideId "34187518"]
[BlackFideId "14126869"]
[EventDate "2016.10.04"]

1. Nf3 d5 2. d4 Nf6 3. Bf4 c5 4. c3 Qb6 5. Qc1 Bf5 6. e3 e6 7. Nbd2 Nc6 8. Be2
Rc8 9. O-O Be7 10. dxc5 Bxc5 11. Nb3 Be7 12. Nbd4 Be4 13. Nxc6 bxc6 14. Nd2 Bg6
15. c4 O-O 16. b3 Nd7 17. Nf3 Bf6 18. c5 Qa5 19. Bd6 Rfe8 20. Nd4 e5 21. Nc2 Be7
22. Bxe7 Rxe7 23. b4 Qa4 24. Bd1 Bxc2 25. Bxc2 Qxb4 26. Qb1 Qxb1 27. Raxb1 Nxc5
28. Bf5 Ne6 29. Rfc1 c5 30. Rb5 Rec7 31. Ra5 g6 32. Bh3 f5 33. Rd1 d4 34. exd4
Nxd4 35. g3 c4 36. Rxe5 Nf3+ 37. Kf1 Nxe5 38. Re1 Nd3 39. Rd1 c3 40. Bg2 c2 41.
Bd5+ Kh8 42. Rxd3 c1=Q+ 43. Kg2 Rc3 44. Rd4 Rc2 45. Bb3 Rd2 46. Rf4 Qe1 47. Rf3
Rc1 48. Kh3 Rxf2 49. Rxf2 Qxf2 1/2-1/2

[Event "ch-RUS Blitz w 2016"]
[Site "Sochi RUS"]
[Date "2016.10.04"]
[Round "12.1"]
[White "Tomilova, Elena"]
[Black "Charochkina, Daria"]
[Result "1/2-1/2"]
[WhiteTitle "WIM"]
[BlackTitle "IM"]
[WhiteElo "2309"]
[BlackElo "2366"]
[WhiteFideId "4162340"]
[BlackFideId "4180917"]
[EventDate "2016.10.04"]

1. c4 f5 2. g3 Nf6 3. Bg2 e6 4. d4 d5 5. Nf3 c6 6. O-O Bd6 7. b3 O-O 8. Bb2 b6
9. Nbd2 Bb7 10. Qc2 a5 11. Ne5 Na6 12. a3 Rc8 13. Ndf3 Ne4 14. Rad1 c5 15. dxc5
Naxc5 16. Nd3 Nxb3 17. Qxb3 dxc4 18. Qa2 cxd3 19. Qxe6+ Rf7 20. Rxd3 Nc5 21.
Qxd6 Rd7 22. Qe5 Nxd3 23. exd3 Rf7 24. Re1 h6 25. Qe6 Bd5 26. Qe5 Qf8 27. Bd4
Ba8 28. Bxb6 Qxa3 29. Bxa5 Qxd3 30. Nh4 Bxg2 31. Kxg2 Qd7 32. Qe6 Qb7+ 33. Kg1
Rf8 34. Ng6 Ra8 35. Bc3 Kh7 36. Ne5 Rc7 37. Qxf5+ Kg8 38. Qe6+ Kh7 39. Bd4 Rac8
40. Qf5+ Kg8 41. Ng6 Rc1 42. Qe6+ Kh7 43. Nf4 Rxe1+ 44. Qxe1 Rf8 45. Qc1 Qe4 46.
Be3 Rd8 47. Qe1 Qf3 48. Ne2 1/2-1/2

[Event "ch-RUS Blitz w 2016"]
[Site "Sochi RUS"]
[Date "2016.10.04"]
[Round "12.3"]
[White "Girya, Olga"]
[Black "Pustovoitova, Daria"]
[Result "0-1"]
[WhiteTitle "WGM"]
[BlackTitle "FM"]
[WhiteElo "2446"]
[BlackElo "2386"]
[WhiteFideId "4195752"]
[BlackFideId "4182146"]
[EventDate "2016.10.04"]

1. d4 d5 2. c4 c6 3. Nf3 Nf6 4. Nc3 e6 5. Bg5 h6 6. Bxf6 Qxf6 7. g3 Nd7 8. Bg2
dxc4 9. O-O Bb4 10. Qc2 O-O 11. Ne4 Qe7 12. Qxc4 Ba5 13. Rab1 Nb6 14. Qc5 Qxc5
15. Nxc5 Nd5 16. Ne5 Rd8 17. a3 f6 18. Nc4 Bc7 19. Rfd1 b6 20. Ne4 Ba6 21. Rbc1
Rac8 22. e3 Kf7 23. g4 Ke7 24. Ng3 Bxg3 25. hxg3 c5 26. dxc5 Rxc5 27. Nd2 Rdc8
28. Rxc5 Rxc5 29. e4 Nc7 30. Nf3 Be2 31. Rd2 Rc1+ 32. Kh2 Bxf3 33. Bxf3 e5 34.
Be2 Ne6 35. Kg2 Nd4 36. Ba6 Kd6 37. Bb7 a5 38. Bd5 Kc5 39. f3 b5 40. Kf2 Rb1 41.
Ke3 Rh1 42. Rd3 Rf1 43. Rc3+ Kd6 44. f4 Rf3+ 45. Kd2 Rf2+ 46. Kd1 Rxb2 47. Rc8
Nf3 48. Rg8 g5 49. Rf8 Kc5 50. Rxf6 exf4 51. gxf4 gxf4 52. Rxf4 Ne5 53. Rf8 Nxg4
54. Rc8+ Kd4 55. Rd8 Ke3 56. Kc1 Rf2 57. Rb8 h5 58. Rxb5 Ne5 59. Bb7 Nd3+ 60.
Kb1 h4 61. Rh5 Rh2 62. e5 Kd4 63. e6 Rb2+ 64. Ka1 Rxb7 65. Rxh4+ Kc3 66. a4 Rg7
67. Re4 Rg1+ 68. Ka2 Nb4+ 69. Rxb4 axb4 0-1

[Event "ch-RUS Blitz w 2016"]
[Site "Sochi RUS"]
[Date "2016.10.04"]
[Round "12.4"]
[White "Goryachkina, Aleksandra"]
[Black "Bodnaruk, Anastasia"]
[Result "1/2-1/2"]
[WhiteTitle "WGM"]
[BlackTitle "IM"]
[WhiteElo "2460"]
[BlackElo "2463"]
[WhiteFideId "4147103"]
[BlackFideId "4181751"]
[EventDate "2016.10.04"]

1. d4 d6 2. Nf3 g6 3. c4 f5 4. e3 Nf6 5. Nc3 Bg7 6. b4 O-O 7. Be2 e5 8. dxe5
dxe5 9. Qxd8 Rxd8 10. Bb2 e4 11. Nd4 c6 12. O-O-O Re8 13. b5 c5 14. Nb3 b6 15.
Nd5 Nxd5 16. Rxd5 Be6 17. Rd6 Bxb2+ 18. Kxb2 Nd7 19. Rhd1 Ne5 20. Kc3 Kf7 21. a4
Ke7 22. a5 Rab8 23. R6d2 g5 24. f4 exf3 25. gxf3 f4 26. exf4 gxf4 27. Bd3 h5 28.
Re2 Kf6 29. Rde1 Bd7 30. Be4 Rg8 31. Bd5 Rge8 32. Nd2 Bf5 33. Ne4+ Bxe4 34. Rxe4
Kf5 35. axb6 axb6 36. Bc6 Re7 37. Bd5 Rbe8 38. Kc2 Ng6 39. Rxe7 Rxe7 40. Be4+
Kf6 41. Ra1 Ne5 42. Kc3 Nxf3 43. Bxf3 Re3+ 44. Kd2 Rxf3 45. Ra6 Rh3 46. Rxb6+
Ke5 47. Rc6 Rxh2+ 48. Kd3 Rh3+ 49. Ke2 Kd4 50. b6 Rb3 51. Rf6 f3+ 52. Rxf3 Rb2+
53. Kd1 Kxc4 54. Rh3 Rxb6 55. Rxh5 Rb2 56. Kc1 Rg2 57. Rh3 Kb4 58. Rf3 c4 59.
Rh3 c3 60. Rh7 Kb3 1/2-1/2

[Event "ch-RUS Blitz w 2016"]
[Site "Sochi RUS"]
[Date "2016.10.04"]
[Round "12.5"]
[White "Nebolsina, Vera"]
[Black "Nechaeva, Marina"]
[Result "1-0"]
[WhiteTitle "WGM"]
[BlackTitle "IM"]
[WhiteElo "2219"]
[BlackElo "2428"]
[WhiteFideId "4163591"]
[BlackFideId "4149351"]
[EventDate "2016.10.04"]

1. Nf3 c5 2. g3 Nc6 3. d4 cxd4 4. Nxd4 e5 5. Nxc6 bxc6 6. Bg2 d5 7. c4 Be6 8.
Nc3 Bb4 9. O-O Bxc3 10. bxc3 Ne7 11. cxd5 Bxd5 12. Ba3 Bxg2 13. Kxg2 Qd5+ 14. f3
f6 15. Qa4 Kf7 16. Rfd1 Qe6 17. Rd6 Qc8 18. Qc4+ Kg6 19. Rad1 Re8 20. Rd7 Nd5
21. Qg4+ 1-0

[Event "ch-RUS Blitz w 2016"]
[Site "Sochi RUS"]
[Date "2016.10.04"]
[Round "12.6"]
[White "Gritsayeva, Oksana"]
[Black "Severina, Maria"]
[Result "0-1"]
[WhiteTitle "WFM"]
[BlackTitle "WIM"]
[WhiteElo "2321"]
[BlackElo "2232"]
[WhiteFideId "14104652"]
[BlackFideId "4116909"]
[EventDate "2016.10.04"]

1. e4 e5 2. Nf3 Nc6 3. Nc3 Nf6 4. Bb5 Bb4 5. d3 d6 6. O-O Bxc3 7. bxc3 O-O 8. h3
Bd7 9. Nh2 Ne7 10. Bxd7 Nxd7 11. f4 exf4 12. Bxf4 Ng6 13. Bg3 Nf6 14. Ng4 Nxg4
15. Qxg4 Qc8 16. Qh5 Qe6 17. c4 Rad8 18. Rab1 b6 19. Rf2 c6 20. Re1 d5 21. cxd5
cxd5 22. a4 d4 23. Kh2 Rc8 24. a5 Rc5 25. Rf5 Rxc2 26. axb6 axb6 27. Rd5 h6 28.
Rxd4 Qa2 29. Qf3 b5 30. Rd7 Qe6 31. Rd6 Qc8 32. Rf1 b4 33. Rb6 Qc5 34. Rb7 Ne5
35. Qd1 Ra2 36. d4 Qc6 37. Rxb4 Nc4 38. Rf2 Rxf2 39. Bxf2 Qd6+ 40. Bg3 Qxb4 41.
d5 Qd2 42. Qb3 Ne3 0-1

[Event "ch-RUS Blitz w 2016"]
[Site "Sochi RUS"]
[Date "2016.10.04"]
[Round "12.7"]
[White "Drozdova, Dina"]
[Black "Gubernatorova, Lyudmila"]
[Result "1-0"]
[WhiteTitle "WIM"]
[WhiteElo "2242"]
[BlackElo "2200"]
[WhiteFideId "4170695"]
[BlackFideId "4123840"]
[EventDate "2016.10.04"]

1. d4 Nf6 2. c4 c5 3. dxc5 Qa5+ 4. Nc3 g6 5. Nf3 Bg7 6. Bd2 Qxc5 7. e3 O-O 8.
Bd3 d6 9. Rc1 Nbd7 10. O-O Nb6 11. b4 Qc7 12. Qb3 Be6 13. Nd5 Qd8 14. e4 Nfd7
15. c5 dxc5 16. bxc5 Nxd5 17. exd5 Bg4 18. c6 Bxf3 19. cxd7 Bg4 20. Qxb7 Bxd7
21. Bf4 Bf5 22. Bxf5 gxf5 23. Rfd1 Bf6 1-0